LEADER 01235nam a2200289 i 4500 001 000000158238 003 CaOOAMICUS 005 20260427102541.0 008 070202s1981 it u000 u ita u 040 $aSeMil$bita 100 1 $aHeinz, Hans-Joachim.$0(OLS)http://semarc/name/41304 240 10$aNamkwa : Life among the Bushmen.$0(OLS)http://semarc/title/139537 245 10$aNamkwa :$bvita tra i Boscimani /$cHans-Joachim Heinz e Marshall Lee ; Traduzione dall'inglese di Giovanna D'Amico. 264 1$aMilano :$bRusconi,$c1981. 300 $a322 p., [1] p. di tav. ;$c22 cm. 490 1 $aPopoli e civiltà 650 4$aBoscimani - Antropologia.$0(OLS)http://semarc/subject/16887 700 1 $aLee, Marshall.$0(OLS)http://semarc/name/41305 700 1 $aD'Amico, Giovanna.$0(OLS)http://semarc/name/41306 830 0$aPopoli e civiltà.$0(OLS)http://semarc/title/14227 850 $aSeMil 852 $aSeMil$W1$xVenegono$y1$m3R III 14$j270979$B109890$CSeMilBibl$Z2$F119531 $81 941 1 $a3 961 $aLascito: Colombo Card. Giovanni 996 $6245$aNamkwa :$bvita tra i Boscimani$9(OLS)http://semarc/title/139536 996 $6264$aMilano :$bRusconi$9(OLS)http://semarc/publisher/30258